Find the Ivy League States Quiz Stats

 Plays Quiz Updated Mar 18, 2016

Challenge
Share
Tweet
Score 0/7 Timer 01:00
9 Plays Today
% Correct
New York
96.7%
Massachusetts
95.2%
Pennsylvania
92.3%
Connecticut
90.5%
New Jersey
84.2%
Rhode Island
72.1%
New Hampshire
69.9%

You're not logged in!

Compare scores with friends on all Sporcle quizzes.
Join for Free
OR
Log In

You Might Also Like...

Show Comments

Extras

Top Quizzes Today


Score Distribution

Your Account Isn't Verified!

In order to create a playlist on Sporcle, you need to verify the email address you used during registration. Go to your Sporcle Settings to finish the process.

Report this User

Report this user for behavior that violates our Community Guidelines.

Details: